|
|
|
|
| LEADER |
01082cam a2200253 7i4500 |
| 001 |
0000082672 |
| 005 |
20240702090000.0 |
| 020 |
|
|
|a 9783031253904 (electronic book)
|
| 090 |
0 |
0 |
|a QA76.9.A94
|b E98 2022
|
| 111 |
1 |
|
|a International Extended Reality Conference
|c Lisbon, Portugal)
|d 2022 :
|n (7th :
|
| 245 |
0 |
0 |
|a Extended reality and metaverse :
|b immersive technology in times of crisis
|c Timothy Jung, M. Claudia tom Dieck, Sandra Maria Correia Loureiro, editors.
|
| 264 |
|
|
|a Cham:
|b Springer Nature Switzerland AG,
|c 2023.
|
| 300 |
|
|
|a 1 online resource (xii, 348 pages):
|b illustrations (chiefly colour), text file, PDF.
|
| 336 |
|
|
|a text
|2 rdacontent
|
| 337 |
|
|
|a computer
|2 rdamedia
|
| 338 |
|
|
|a online resource
|2 rdacarrier
|
| 650 |
|
0 |
|a Metaverse --
|x Congresses
|
| 650 |
|
0 |
|a Augmented reality --
|x Congresses
|
| 655 |
|
0 |
|a Electronic books
|
| 700 |
1 |
|
|a Jung, Timothy
|
| 700 |
1 |
|
|a Dieck, M. Claudia tom
|
| 700 |
1 |
|
|a Correia Loureiro, Sandra Maria
|
| 856 |
4 |
2 |
|u http://library.unisel.edu.my/web/guest/mylibrary
|
| 999 |
|
|
|a EBO0023209
|b EBOOK
|c EBOOK
|e Electronic resources
|